Les vieillissements dans le travail (Registro nro. 1024)
[ vista simple ]
| 000 -CABECERA | |
|---|---|
| Longitud fija campo de control | 01547nam a2200361 c 4500 |
| 001 - NÚMERO DE CONTROL | |
| Número de control | 1024 |
| 003 - IDENTIFICADOR DE NÚMERO DE CONTROL | |
| Identificador del número de control | ES-MaCES |
| 005 - FECHA Y HORA DE LA ÚLTIMA TRANSACCIÓN | |
| Fecha y hora de la última transacción | 20180118122036.0 |
| 008 - CAMPO FIJO DE DESCRIPCIÓN FIJA--INFORMACIÓN GENERAL | |
| Códigos de información de longitud fija | 940627s1992 lu ||| | fre d |
| 020 ## - ISBN (INTERNATIONAL STANDARD BOOK NUMBER) | |
| Número Internacional Normalizado para Libros (ISBN) | 9282652076 (Oficina de Publicaciones Oficiales de las Comunidades Europeas) |
| 020 ## - ISBN (INTERNATIONAL STANDARD BOOK NUMBER) | |
| Número Internacional Normalizado para Libros (ISBN) | 2903540969 (ANACT) |
| 035 ## - NÚMERO DE CONTROL DEL SISTEMA | |
| Número de control del sistema | CES19980010292m |
| 040 ## - FUENTE DE CATALOGACIÓN | |
| Centro catalogador de origen | ES-MaCES |
| Lengua de catalogación | spa |
| Centro transcriptor | ES-MaCES |
| 245 04 - MENCIÓN DE TÍTULO | |
| Título | Les vieillissements dans le travail |
| Resto del título | : actes du colloque européen du 12 juin 1991 |
| Mención de responsabilidad, etc. | sous la direction de Sylvie Droit et François Guerin ; ANACT, Fondation européenne pour l'amélioration des conditions de vie et de travail |
| 260 ## - PUBLICACIÓN, DISTRIBUCIÓN, ETC (PIE DE IMPRENTA) | |
| Lugar de publicación, distribución, etc. | Luxembourg |
| Nombre del editor, distribuidor, etc. | Office des publications officielles des Communautés européennes ; Montrouge : Editions de l'ANACT |
| Fecha de publicación, distribución, etc. | 1992 |
| 300 ## - DESCRIPCIÓN FÍSICA | |
| Extensión | 120 p. |
| Dimensiones | 24 cm |
| 541 ## - NOTA DE LA FUENTE INMEDIANTE DE ADQUISICIÓN | |
| Forma de adquisición | Compra |
| 650 #4 - ASIENTO SECUNDARIO DE MATERIA--TÉRMINO DE MATERIA | |
| Término de materia o nombre geográfico como elemento inicial | trabajador de edad avanzada |
| 9 (RLIN) | 28410 |
| 650 #4 - ASIENTO SECUNDARIO DE MATERIA--TÉRMINO DE MATERIA | |
| Término de materia o nombre geográfico como elemento inicial | condiciones de trabajo |
| 9 (RLIN) | 28327 |
| 650 #4 - ASIENTO SECUNDARIO DE MATERIA--TÉRMINO DE MATERIA | |
| Término de materia o nombre geográfico como elemento inicial | envejecimiento |
| 9 (RLIN) | 28516 |
| 650 #4 - ASIENTO SECUNDARIO DE MATERIA--TÉRMINO DE MATERIA | |
| Término de materia o nombre geográfico como elemento inicial | productividad |
| 9 (RLIN) | 28259 |
| 650 #4 - ASIENTO SECUNDARIO DE MATERIA--TÉRMINO DE MATERIA | |
| Término de materia o nombre geográfico como elemento inicial | jubilación |
| 9 (RLIN) | 28360 |
| 650 #4 - ASIENTO SECUNDARIO DE MATERIA--TÉRMINO DE MATERIA | |
| Término de materia o nombre geográfico como elemento inicial | administración de recursos humanos |
| 9 (RLIN) | 30474 |
| 653 10 - TÉRMINO DE INDEXACIÓN--NO CONTROLADO | |
| Término no controlado | Asuntos Sociales |
| 650 #4 - ASIENTO SECUNDARIO DE MATERIA--TÉRMINO DE MATERIA | |
| 9 (RLIN) | 28300 |
| Término de materia o nombre geográfico como elemento inicial | política de empleo |
| 700 1# - ENCABEZAMIENTO SECUNDARIO--NOMBRE PERSONAL | |
| Nombre de persona | Droit, Sylvie |
| Término indicativo de función | dir. |
| 9 (RLIN) | 10982 |
| 700 1# - ENCABEZAMIENTO SECUNDARIO--NOMBRE PERSONAL | |
| Nombre de persona | Guerin, François |
| Término indicativo de función | dir. |
| 9 (RLIN) | 14213 |
| 710 2# - ENCABEZAMIENTO SECUNDARIO--NOMBRE CORPORATIVO | |
| 9 (RLIN) | 3819 |
| Nombre de entidad o nombre de jurisdicción como elemento inicial | Fundación Europea para la Mejora de las Condiciones de Vida y de Trabajo |
| Término indicativo de función | col. |
| 710 2# - ENCABEZAMIENTO SECUNDARIO--NOMBRE CORPORATIVO | |
| Nombre de entidad o nombre de jurisdicción como elemento inicial | Agence nationale pour l'amélioration des conditions de travail (Francia) |
| Término indicativo de función | col. |
| 9 (RLIN) | 1228 |
| 902 ## - CES. TIPO DE DOCUMENTO | |
| Tipodoc (006$c Sirtex) | LIB Libro |
| 942 ## - ELEMENTOS KOHA | |
| Fuente de clasificaión o esquema | Clasificación propia del CES |
| Koha [por defecto] tipo de item | Monografías |
| Parte de clasificación | 3.3. |
| Número de registro | Signatura completa | Tipo de item de Koha |
|---|---|---|
| 002946 | DPT-3674 | Monografías |
